000 00293nam a2200121 i 4500
001 bg
245 0 _aTermodynamika.
_nCz.2,
_plaboratorium /
_cpod red. W. Jasińskiego.
260 _aGdańsk,
_c1987.
040 _cBPK
041 _apol
942 _cKS
008 s pl f |000 0 pol
999 _c3810
_d3810
856 _uhttp://koha.tu.koszalin.pl/cgi-bin/koha/opac-detail.pl?biblionumber=3810
_yKatalog online BPK